| 000 | 01342cam a22003494a 4500 | ||
|---|---|---|---|
| 999 |
_c7920 _d7920 |
||
| 001 | 14413640 | ||
| 003 | GZU | ||
| 005 | 20210513104000.0 | ||
| 008 | 060614s2007 inu b 001 0 eng | ||
| 010 | _a 2006019762 | ||
| 020 | _a0253348161 (cloth : alk. paper) | ||
| 020 | _a0253218772 (pbk. : alk. paper) | ||
| 040 |
_aDLC _cDLC _dDLC |
||
| 043 | _af------ | ||
| 050 | 0 | 0 |
_aHQ1075.5 AFR 2007 _bA35 2007 |
| 082 | 0 | 0 |
_a305.3096 _222 |
| 245 | 0 | 0 |
_aAfrica after gender? / _cedited by Catherine M. Cole, Takyiwaa Manuh, and Stephan F. Miescher. |
| 260 |
_aBloomington, IN : _bIndiana University Press, _cc2007. |
||
| 300 |
_avi, 328 p. ; _c24 cm. |
||
| 500 | _aIncludes bibliography | ||
| 504 | _aIncludes bibliographical references and index. | ||
| 650 | 0 |
_aSex role _zAfrica. |
|
| 650 | 0 |
_aSex role _xResearch _zAfrica. |
|
| 700 | 1 | _aCole, Catherine M. | |
| 700 | 1 | _aManuh, Takyiwaa. | |
| 700 | 1 | _aMiescher, Stephan. | |
| 856 | 4 | 1 |
_3Table of contents only _uhttp://www.loc.gov/catdir/toc/ecip0616/2006019762.html |
| 856 | 4 | 2 |
_3Book review (H-Net) _uhttp://www.h-net.org/reviews/showrev.php?id=29450 |
| 906 |
_a7 _bcbc _corignew _d1 _eecip _f20 _gy-gencatlg |
||
| 942 |
_2lcc _cBK _h1075.5 _iAFR _kHQ |
||